Central Library OPAC University of Rajshahi

Al-Hadis : (Record no. 16261)

MARC details
000 -LEADER
fixed length control field 00874nam a2200241 a 4500
001 - CONTROL NUMBER
control field 16261
003 - CONTROL NUMBER IDENTIFIER
rucl marc code BD-RjUL
005 - DATE AND TIME OF LATEST TRANSACTION
control field 20211209000003.0
008 - FIXED-LENGTH DATA ELEMENTS--GENERAL INFORMATION
fixed length control field 161229r19641960pk b 000 0 eng d
035 ## - SYSTEM CONTROL NUMBER
System control number (BD-RjUL)16316
040 ## - CATALOGING SOURCE
Original cataloging agency EZC
Transcribing agency EZC
Modifying agency EQO
-- BD-RjUL
Language of cataloging eng
041 1# - LANGUAGE CODE
Language code of text/sound track or separate title eng/ara
082 ## - DEWEY DECIMAL CLASSIFICATION NUMBER
Classification number 297.125
Author mark and year ALH 1964
Edition number 23
245 10 - TITLE STATEMENT
Title Al-Hadis :
Remainder of title an English translation and commentary of Mishkat-ul-Masabih /
Statement of responsibility, etc. with vowel-pointed Arabic text and suitable arrangements into chapters and sections by al-Haj Maulana Fazlul Karim
250 ## - EDITION STATEMENT
Edition statement 2nd ed.
260 ## - PUBLICATION, DISTRIBUTION, ETC. (IMPRINT)
Place of publication, distribution, etc. Lahore :
Name of publisher, distributor, etc. The Book House,
Date of publication, distribution, etc. 1960-64
300 ## - PHYSICAL DESCRIPTION
Pagination Vol. ;
Size 23 cm
500 ## - GENERAL NOTE
General note A commentary on the hadith collected by al-Baghawī under title: Maṣābīḥ al-sunnah
505 ## - FORMATTED CONTENTS NOTE
Formatted contents note Vol. 1. -- V. 2. -- V. 3. -- V. 3. --
650 #0 - SUBJECT ADDED ENTRY--TOPICAL TERM
Topical term or geographic name as entry element Hadith
9 (RLIN) 50288
700 1# - ADDED ENTRY--PERSONAL NAME
Personal name Karim, Fazlul
942 ## - ADDED ENTRY ELEMENTS (KOHA)
Source of classification or shelving scheme Dewey Decimal Classification
Koha item type Books
Holdings
Lost status Source of classification or shelving scheme Damaged status Not for loan Collection code Permanent Location Current Location Shelving location Date acquired Source of acquisition Cost, normal purchase price Total Checkouts Full call number Date last seen Copy number Koha item type
  Dewey Decimal Classification   Not For Loan Non-fiction Central Library, University of Rajshahi Central Library, University of Rajshahi Reading Room 30/05/1967 Faruk Library 51.00   297.125 ALH V-2 1964 13/02/2014 C-1 Books
  Dewey Decimal Classification   Not For Loan Non-fiction Central Library, University of Rajshahi Central Library, University of Rajshahi Reading Room 30/05/1967 N/A     297.125 ALH V-3 1964 29/12/2016 C-1 Books
  Dewey Decimal Classification   Not For Loan Non-fiction Central Library, University of Rajshahi Central Library, University of Rajshahi Reading Room 30/05/1967 N/A     297.125 ALH V-4 1964 29/12/2016 C-1 Books
  Dewey Decimal Classification   Not For Loan Non-fiction Central Library, University of Rajshahi Central Library, University of Rajshahi Reading Room 30/05/1967 Faruque library, Rajshahi. 51.00   297.125 ALH V-1 1960 29/12/2016 C-1 Books